Die Größten Städte Deutschlands: Buchstabe M - Statistiken

Allgemein
  • Dieses Quiz wurde 965 mal gespielt
  • Das Durchschnittsergebnis liegt bei 9 aus 15
Antwortstatistiken
Bevölkerung Stadt % Korrekt
1.450.381 München
100%
305.780 Mannheim
92%
235.723 Magdeburg
86%
310.039 Münster
81%
209.779 Mainz
80%
259.996 Mönchengladbach
69%
169.278 Mülheim an der Ruhr
63%
73.836 Marburg
62%
81.598 Minden
61%
104.529 Moers
55%
42.841 Memmingen
42%
83.926 Marl
30%
53.485 Menden
16%
54.892 Meerbusch
14%
46.039 Melle
12%
Keine übereinstimmenden Quizze gefunden
Verteilung der Resultate
Anzahl Personen mit jedem Resultat
Perzentil nach korrekt beantworteten Fragen
Ihre Resultats-Entwicklung
Sie haben dieses Quiz noch nicht gespielt